00953nam a2200145Ia 4500008004100000020001800041100009000059245020400149260002700353650002000380650026000400856004000660999001900700952008800719171212s9999 xx 000 0 und d a9780833043184 aMosher, David E.;Lachman, Beth E.;Greenberg, Michael D.;Nichols, Tiffany;Rosen, Brian cMosher, David E.;Lachman, Beth E.;Greenberg, Michael D.;Nichols, Tiffany;Rosen, BrianaGreen WarriorsbArmy Environmental Considerations for Contingency Operations from Planning Through Post-Conflict bRAND Corporationc2008 aHealth Sciences aUnited States. Army -- Foreign service -- Environmental aspects; United States. Army -- Operations other than war -- Environmental aspects; Postwar reconstruction -- Environmental aspects; Military doctrine -- United States -- Environmental aspects; Envir uwww.jstor.org/stable/10.7249/mg632a c352126d352126 001040aCLbCLd2017-12-12l0oUA25.G85 2008r2017-12-12 00:00:00w2017-12-12yCBE